[Event "Montevideo Duchamp Cup 7th"]
[Site "Montevideo"]
[Date "2024.02.05"]
[Round "5"]
[White "Espel, Luis"]
[Black "Monferrato, Rocco"]
[Result "1/2-1/2"]
[WhiteElo "1783"]
[BlackElo "1580"]
[PlyCount "97"]
[EventDate "2024.02.01"]
[EventType "swiss"]
[EventRounds "9"]
[EventCountry "URU"]
[SourceTitle "CB07_2024"]
[SourceDate "2024.02.14"]
[SourceVersion "1"]
[SourceVersionDate "2024.02.14"]
[SourceQuality "1"]

1. c4 e5 2. Nc3 Bb4 3. g3 Bxc3 4. bxc3 d6 5. Bg2 Ne7 6. e3 Nbc6 7. Ne2 Be6 8. d3 0-0 9. 0-0 Qd7 10. Re1 f6 11. Rb1 b6 12. Qa4 Rad8 13. Kh1 Na5 14. Qc2 Bf5 15. e4 Bh3 16. f4 Bxg2+ 17. Kxg2 Qc6 18. g4 Kh8 19. f5 Rg8 20. Kf2 g6 21. Ng3 g5 22. Be3 Kg7 23. Rh1 h6 24. Qd2 Rh8 25. h4 Kf7 26. Rh2 Rdg8 27. Rbh1 Qe8 28. hxg5 hxg5 29. Kf3 Qf8 30. Nh5 Ke8 31. Qb2 Kd8 32. Qb5 Kc8 33. c5 Nb7 34. c6 Nd8 35. d4 Nexc6 36. d5 Nb8 37. c4 Nd7 38. a4 Nb7 39. Ra1 a5 40. Rb1 Ndc5 41. Bxc5 Nxc5 42. Rbh1 Qe7 43. Qc6 Kb8 44. Rb2 Rf8 45. Rhb1 Rh7 46. Qb5 Ka7 47. Ra2 Qd7 48. Rc1 Qxb5 49. cxb5 1/2-1/2

[Event "Montevideo Duchamp Cup 6th"]
[Site "Montevideo"]
[Date "2023.02.03"]
[Round "1"]
[White "Monferrato, Rocco"]
[Black "Izquierdo, Daniel"]
[Result "0-1"]
[WhiteElo "1580"]
[BlackElo "2102"]
[PlyCount "114"]
[EventDate "2023.02.03"]
[EventType "swiss"]
[EventRounds "9"]
[EventCountry "URU"]
[SourceTitle "CBM 212 Extra"]
[Source "ChessBase"]
[SourceDate "2023.03.31"]
[SourceVersion "1"]
[SourceVersionDate "2023.03.31"]
[SourceQuality "1"]

1. e4 c5 2. a3 e6 3. Nf3 Nc6 4. d4 cxd4 5. Nxd4 Nf6 6. Nc3 Bc5 7. Be3 Nxd4 8. Bxd4 Qb6 9. Bxc5 Qxc5 10. Bd3 0-0 11. 0-0 d6 12. Qd2 Bd7 13. Rae1 b5 14. Qe3 Qxe3 15. Rxe3 Rab8 16. b4 Rfc8 17. Ne2 Ng4 18. Rg3 Ne5 19. Rc1 Rb6 20. f4 Nc4 21. Bxc4 Rxc4 22. Re3 Kf8 23. e5 Ke7 24. exd6+ Rxd6 25. Rd3 Bc6 26. Rxd6 Kxd6 27. Rd1+ Ke7 28. c3 Bd5 29. Rd4 Rc6 30. Rd3 Bc4 31. Nd4 Ra6 32. Rg3 g6 33. Rg5 Rxa3 34. Nxb5 Bxb5 35. Rxb5 Rxc3 36. Rb7+ Kf6 37. Rxa7 Rc4 38. g3 Rxb4 39. Ra5 Rb2 40. Rc5 Rd2 41. Rb5 h5 42. Rc5 h4 43. Rc4 Kf5 44. Rc7 f6 45. Rc5+ Kg4 46. Rc6 hxg3 47. Rxe6 Kf5 48. Rc6 Rxh2 49. Rc5+ Kxf4 50. Rc4+ Kg5 51. Rc3 Rh4 52. Rxg3+ Rg4 53. Kf2 Rxg3 54. Kxg3 f5 55. Kf3 f4 56. Kg2 Kg4 57. Kf2 f3 0-1

[Event "Wch U20 59th"]
[Site "Cala Gonone"]
[Date "2022.10.19"]
[Round "8"]
[White "Monferrato, Rocco"]
[Black "Djurovic, Peko"]
[Result "0-1"]
[WhiteElo "1563"]
[BlackElo "2084"]
[PlyCount "71"]
[EventDate "2022.10.12"]
[EventType "swiss"]
[EventRounds "11"]
[EventCountry "ITA"]
[SourceTitle "CBM 210 Extra"]
[Source "ChessBase"]
[SourceDate "2022.11.30"]
[SourceVersion "1"]
[SourceVersionDate "2022.11.30"]
[SourceQuality "1"]

1. e4 c5 2. Nf3 Nc6 3. d4 cxd4 4. Nxd4 Nf6 5. Nc3 e5 6. Ndb5 d6 7. Bg5 a6 8. Na3 b5 9. Nd5 Be7 10. Bxf6 Bxf6 11. c3 0-0 12. Nc2 Rb8 13. Nxf6+ Qxf6 14. Ne3 b4 15. Nd5 Qg6 16. Qf3 Bg4 17. Qe3 Be6 18. g3 bxc3 19. bxc3 Bxd5 20. exd5 Rb1+ 21. Rxb1 Qxb1+ 22. Ke2 Qc2+ 23. Kf3 Qd1+ 24. Kg2 Qxd5+ 25. Qf3 e4 26. Qe3 Ne7 27. Qd4 Qxd4 28. cxd4 a5 29. Bb5 Rc8 30. Re1 d5 31. Re2 Rc3 32. Rd2 f6 33. Bd7 Kf7 34. g4 Ng6 35. Bb5 Nh4+ 36. Kh1 0-1

[Event "Wch U20 59th"]
[Site "Cala Gonone"]
[Date "2022.10.12"]
[Round "1"]
[White "Monferrato, Rocco"]
[Black "Mladek, Richard"]
[Result "0-1"]
[WhiteElo "1563"]
[BlackElo "2371"]
[PlyCount "60"]
[EventDate "2022.10.12"]
[EventType "swiss"]
[EventRounds "11"]
[EventCountry "ITA"]
[SourceTitle "CBM 210 Extra"]
[Source "ChessBase"]
[SourceDate "2022.11.30"]
[SourceVersion "1"]
[SourceVersionDate "2022.11.30"]
[SourceQuality "1"]

1. e4 c5 2. Nf3 d6 3. d4 cxd4 4. Nxd4 Nf6 5. Nc3 a6 6. Be2 e5 7. Nb3 Be7 8. Be3 0-0 9. g4 Be6 10. g5 Ne8 11. Qd2 Nd7 12. Nd5 Bxd5 13. exd5 f5 14. f4 Qc7 15. h4 Rc8 16. 0-0-0 Nb6 17. Na5 Na4 18. Nb3 Bd8 19. fxe5 dxe5 20. c3 Nd6 21. Rdf1 Be7 22. Bf2 b5 23. Kb1 Kh8 24. Rfg1 Nc4 25. Bxc4 bxc4 26. Nc1 Rb8 27. b4 cxb3 28. axb3 Nxc3+ 29. Kb2 Ba3+ 30. Ka1 Ne4 0-1

[Event "Pan American-ch U18"]
[Site "Montevideo"]
[Date "2022.06.27"]
[Round "2"]
[White "Monferrato, Rocco"]
[Black "Lopez Techera, Ivan"]
[Result "1-0"]
[WhiteElo "1570"]
[BlackElo "1338"]
[PlyCount "71"]
[EventDate "2022.06.26"]
[EventType "swiss"]
[EventRounds "9"]
[EventCountry "URU"]
[SourceTitle "EXT 2023"]
[Source "ChessBase"]
[SourceDate "2022.10.05"]
[SourceVersion "1"]
[SourceVersionDate "2022.10.05"]
[SourceQuality "1"]

1. d4 Nf6 2. Nf3 g6 3. g3 Bg7 4. Bg2 d5 5. 0-0 0-0 6. c4 c6 7. Bf4 Nbd7 8. Na3 Nh5 9. Bd2 e5 10. dxe5 Nxe5 11. Nxe5 Bxe5 12. Qc1 Qf6 13. Rb1 Bf5 14. f4 Bd4+ 15. e3 Bxb1 16. exd4 Bxa2 17. g4 Ng7 18. Kh1 Ne6 19. f5 Nxd4 20. Bc3 Bxc4 21. Nxc4 dxc4 22. fxg6 Qg7 23. gxh7+ Kxh7 24. Be4+ Kg8 25. Rf5 f6 26. Bxd4 Qxg4 27. Qxc4+ Kg7 28. Qd3 Rad8 29. h3 Qh4 30. Qe3 Qh6 31. Rg5+ Kh8 32. Rg8+ Kxg8 33. Qxh6 Rf7 34. Bxf6 Rd1+ 35. Kg2 Rd6 36. Qh8# 1-0